000 00925nam a2200289Ia 4500
001 Z_275
003 CHAP
008 220113s1941 xx 000 0 und d
010 _a163250
040 _cCHAP
090 _aTesis A 536
100 _aAlonso Trejo, Luis
_94609
245 _aEstudio económico social agropecuario del estado de Sinaloa /
_cpor Luis Alonso Trejo
260 _aChapingo, Méx. :
_bEl autor,
_c1941
300 _a123 h. ilus.
502 _aTesis (Ingeniero Agrónomo Esp. en Ganadería) -- ENA. Departamento de Zootecnia
650 _aAgricultura
_xAspectos económicos
_xSinaloa
_91292
650 _aGanadería
_xAspectos económicos
_xSinaloa
_944645
650 _aSinaloa
_xAgricultura
_xAspectos económicos
_9137544
650 _aSinaloa
_xGanadería
_xAspectos económicos
_9137545
901 _aTESIS A 536
902 _aM
910 _a1941
942 _c2
942 _c2
999 _c163250
_d163250